000 00710nam a2200253Ia 4500
003 OSt
005 20221007071641.0
006 a|||||r|||| 00| 0
007 ta
008 221006b |||||||| |||| 00| 0 eng d
024 _a5,927
037 _cTextual
040 _aFLL
_cFLL
_beng
041 _2eng
_aeng
082 _aZ(Q2), K8
100 _aDuncan J. Au.
_9686641
245 0 _aReligion,law and the state in India
260 _aLondon
_bFaber and faber London
_c1968
300 _a615p
_ccm.
650 _aReligion law and state in India
_9689145
700 _a Derrett M. Au.
_9686643
942 _hZ(Q2), K8
_cTEXL
_2CC
999 _c1143891
_d1143891